| 000 | 00482nam a22002057a 4500 | ||
|---|---|---|---|
| 005 | 20241002175737.0 | ||
| 008 | 180920b xxu||||| |||| 00| 0 spa d | ||
| 020 | _a9788467050738 | ||
| 041 | _aESP | ||
| 082 | _a813.54 R532a | ||
| 100 |
_aRichman, Alyson _949803 |
||
| 245 | _aLos amantes de Praga | ||
| 260 | _aEspaña | ||
| 260 | _bEspasa | ||
| 260 | _c2017 | ||
| 300 | _a380 páginas | ||
| 650 | _aLITERATURA ESTADOUNIDENSE | ||
| 650 | _aNOVELA | ||
| 942 |
_cLIT _2ddc |
||
| 999 |
_c11145 _d11145 |
||